| 000 | 00860cam a2200289 4500 | ||
|---|---|---|---|
| 001 | 29432 | ||
| 003 | BD-RjUL | ||
| 005 | 20211209051419.0 | ||
| 008 | 140403s1969 nyua b 00110 eng d | ||
| 020 | _a0030745608 | ||
| 035 | _a(BD-RjUL)29517 | ||
| 035 | _a(BD-RjUL) | ||
| 035 | _a2510290 | ||
| 040 |
_aBD-RjUL _beng _cBD-RjUL |
||
| 041 | _aeng | ||
| 082 | 0 | 0 |
_a157 _bTHE 1969 |
| 245 | 1 | 0 |
_aTheory and research in abnormal psychology / _cedited by David Rosenhan [and] Perry London. |
| 260 |
_aNew York : _bHolt, Rinehart and Winston, _c1969. |
||
| 300 |
_axvi, 552 p. : _billus. ; _c26 cm. |
||
| 504 | _aBibliography: p. 509-536. and Index | ||
| 650 | 0 |
_aPsychology, Pathological. _989735 |
|
| 700 | 1 |
_aRosenhan, David L. _ejoint comp. _989403 |
|
| 700 | 1 |
_aLondon, Perry. _989736 |
|
| 942 |
_2ddc _cBK |
||
| 999 |
_c29432 _d29432 |
||